| 000 | 00874nam a2200277Ia 4500 | ||
|---|---|---|---|
| 003 | OSt | ||
| 005 | 20220925173229.0 | ||
| 006 | a|||||r|||| 00| 0 | ||
| 007 | ta | ||
| 008 | 220923b |||||||| |||| 00| 0 eng d | ||
| 020 |
_a9780205524068 _c5338 |
||
| 037 |
_b692, 15/03/2012, Dhanraj Book House _cGeneral Book |
||
| 040 |
_aRTL _cRTL _beng |
||
| 041 |
_2eng _aeng |
||
| 082 | _aY, J5;P8 | ||
| 100 |
_aHUNT Elgin F _9134126 |
||
| 245 | 0 |
_aSocial science _b An introduction to the study of society |
|
| 250 | _a13th | ||
| 260 |
_aBostan _bPearson _c2008 |
||
| 300 |
_axx, 523p _ccm. |
||
| 500 | _aBibliography chapterwise; Appendix: P 28-29 | ||
| 650 | _aSociology | ||
| 700 |
_a COLANDER David C. _9243354 |
||
| 942 |
_hY, J5;P8 _cGB _2CC |
||
| 999 |
_c487454 _d487454 |
||